| 000 | 00554nam a22001817a 4500 | ||
|---|---|---|---|
| 999 |
_c184003 _d184003 |
||
| 005 | 20220110144428.0 | ||
| 010 | _aENG-131055 | ||
| 020 |
_a10-SE-000-937 _c685.00 |
||
| 035 | _aEN-114587 | ||
| 037 | _bDBAD | ||
| 082 | _a657 | ||
| 100 | _aWason V. | ||
| 245 |
_aAccountancy: _cV. Wason, Pankhuri Wason _bIncluding Project Work/ |
||
| 260 |
_aNew Delhi _bS Chand School Books _c2013 |
||
| 270 |
_bNew Delhi _aA-27, 2nd Floor, Mohan Co-operative Industrial Estate _e110044 |
||
| 300 |
_a968p. _c23cm(pbk) |
||
| 942 |
_2ddc _cEN _h657 _mWAS |
||